[Event "WYCC 2018 O16"]
[Site "Halkidiki"]
[Date "2018.10.24"]
[Round "6"]
[White "Gavrilescu, David"]
[Black "Davtyan, Artur"]
[Result "0-1"]
[WhiteElo "2481"]
[BlackElo "2374"]
[Annotator "TA"]
[PlyCount "70"]
[EventDate "2018.10.20"]
[EventType "swiss"]
[EventCountry "GRE"]
[SourceTitle "playchess.com"]
[Source "ChessBase"]
[SourceQuality "1"]

{[%evp 16,70,34,21,43,35,35,33,35,25,31,23,24,19,31,31,33,21,31,13,41,35,54,41,59,41,61,45,61,45,41,-41,-33,-74,-65,-165,-158,-161,-108,-118,-116,-108,-110,-109,-108,-173,-169,-672,-671,-675,-665,-664,-654,-643,-641,-627,-606]} 1. e4 e5 2. Nf3 Nc6 3. Bc4 Bc5 4. d3 Nf6 5. O-O O-O 6. Bg5 h6 7. Bh4 Be7 {C50: Hungarian Defence and Giuoco Pianissimo} 8. Bg3 d6 9. a4 {LiveBook: 19 Games} Be6 $146 {next ...Bxc4 is good for Black.The position is equal.} ({Predecessor:} 9... Kh8 10. c3 Nh7 11. Nbd2 f5 12. exf5 Bxf5 13. a5 a6 14. Re1 {½-½ (22) Tomashevsky,E (2711)-Aronian,L (2785) Sharjah 2017}) 10. Bxe6 fxe6 11. c3 Qe8 12. Qb3 Qd7 13. Nbd2 Nh5 14. Rfe1 Rab8 15. Nc4 Bf6 16. Rad1 Qf7 17. Qc2 Rbd8 18. b4 {[%cal Bb2b4,Bb4b5][%mdl 32]} g5 19. b5 Ne7 20. d4 exd4 21. e5 dxe5 22. Ncxe5 Bxe5 23. Bxe5 (23. Nxe5 $14 Qf5 24. Qe2 Nxg3 25. hxg3) 23... d3 $15 24. Qa2 {[#]} Ng6 $1 25. Bd4 (25. Qc4 $15) 25... Nhf4 $19 {Hoping for ...Nxg2!} 26. Ne5 Nxe5 ({Black should try} 26... Ne2+ $19 27. Rxe2 dxe2 28. Qxe2 Nxe5 29. Qxe5 {[#]} Qf6 $1 {[%mdl 512]} 30. Qxf6 Rxf6) 27. Rxe5 $17 Ne2+ 28. Rxe2 dxe2 29. Qxe2 Rd5 30. c4 (30. Re1 $17) 30... Rd7 $19 {aiming for ...Rfd8.} 31. Qe5 $2 {[#]} (31. Be3) 31... Qf6 $1 {[%mdl 512] Black is clearly winning.} 32. Qxf6 Rxf6 33. Rd2 Rf4 34. Be3 Rxd2 35. Bxd2 Rxc4 {Precision: White = 39%, Black = 71%.} 0-1

[Event "WYCC 2018 O16"]
[Site "Halkidiki"]
[Date "2018.10.24"]
[Round "6"]
[White "Sargsyan, Shant"]
[Black "Yakubboev, Nodirbek"]
[Result "1/2-1/2"]
[WhiteElo "2463"]
[BlackElo "2522"]
[Annotator "TA"]
[PlyCount "34"]
[EventDate "2018.10.20"]
[EventType "swiss"]
[EventCountry "GRE"]
[SourceTitle "playchess.com"]
[Source "ChessBase"]
[SourceQuality "1"]

{[%evp 18,34,10,0,14,0,0,5,14,0,0,0,0,0,16,0,0,0,10]} 1. d4 Nf6 2. c4 e6 3. g3 d5 4. Bg2 Bb4+ 5. Bd2 Be7 6. Nf3 O-O 7. O-O Nbd7 8. Qb3 c6 9. Bf4 Nh5 {E07: Closed Catalan: Main Line (5 Nf3 0-0 6 0-0 Nbd7)} (9... a5 10. Rd1 Nh5 11. Bc1 Nhf6 12. Nbd2 b5 13. c5 b4 14. Qc2 a4 15. Re1 e5 16. Nxe5 Nxe5 17. dxe5 {1-0 (33) Caruana,F (2784)-So,W (2799) Berlin 2018}) 10. Bc1 {LiveBook: 6 Games. The position is equal.} b6 11. Nc3 {[%cal Rc4d5]} Ba6 $146 ({Predecessor:} 11... Nhf6 12. Rd1 Bb7 13. cxd5 cxd5 14. Bf4 Nh5 15. Bd2 Nhf6 16. a4 a6 17. Be1 Bd6 18. Nd2 Qb8 19. e3 Rd8 {½-½ (29) Kanep,M (2440)-Brazdzionis,A (2252) Liepaja 2018}) 12. cxd5 cxd5 13. Rd1 Bb7 14. Ne5 Nhf6 15. Bf4 Nh5 16. Bd2 Nhf6 17. Bf4 Nh5 {Precision: White = 52%, Black = 68%.} 1/2-1/2

[Event "WYCC 2018 O16"]
[Site "Halkidiki"]
[Date "2018.10.24"]
[Round "6"]
[White "Kozak, Adam"]
[Black "Nielsen, Andre"]
[Result "1/2-1/2"]
[WhiteElo "2445"]
[BlackElo "2260"]
[Annotator "TA"]
[PlyCount "63"]
[EventDate "2018.10.20"]
[EventType "swiss"]
[EventCountry "GRE"]
[SourceTitle "playchess.com"]
[Source "ChessBase"]
[SourceQuality "1"]

{[%evp 17,63,-9,-12,-5,-6,-4,-9,-4,-5,0,0,-14,-11,-7,0,0,7,0,27,24,103,16,18,7,9,5,6,0,5,6,7,0,0,0,6,0,0,0,0,0,2,0,0,0,0,0,0,0]} 1. Nf3 d5 2. g3 g6 3. Bg2 Bg7 4. d4 Nf6 5. O-O O-O 6. c4 dxc4 7. Na3 {[%cal Bb1a3,Ba3c4,Bc4e5][%mdl 32]} c5 8. Nxc4 Be6 {D77: Fianchetto Grünfeld: 6 0-0: Replies other than 6...c6} 9. Nce5 cxd4 {LiveBook: 4 Games} 10. Qxd4 Qxd4 11. Nxd4 Bd5 12. Rd1 Bxg2 13. Kxg2 Rd8 {[#]} 14. Nef3 $146 ({Predecessor:} 14. Bf4 Nd5 15. Ndf3 Na6 16. Bd2 {½-½ (35) Nakamura,H (2777)-Caruana,F (2822) Saint Louis 2018}) 14... Nc6 {[#] And now ...e5 would win.} 15. Be3 Nxd4 16. Bxd4 Nd5 17. Rac1 (17. a4 {seems wilder.} e6 18. Rac1 Bh6 19. Rb1 Bg7 20. e4) 17... Bxd4 (17... Bh6 {looks sharper.} 18. Rb1 f6 19. e4 Nb4 20. Bc5 Nc6) 18. Rxd4 {[#] Strongly threatening Rcd1.} Nf6 (18... e6 $11) 19. Rdc4 (19. Rc7 $16) 19... Kf8 $11 {The position is equal.} 20. Kf1 Ne8 21. Ne5 Nd6 22. R4c2 Rac8 23. Nd3 Ke8 24. f3 Rxc2 25. Rxc2 Rc8 26. Rxc8+ Nxc8 {[%mdl 4096] Endgame KN-KN} 27. e4 Kd7 28. Ke2 Kd6 29. Nb4 Kc5 30. Nc2 Nd6 31. Kd3 a5 32. b3 {Precision: White = 54%, Black = 67%.} 1/2-1/2

[Event "WYCC 2018 O16"]
[Site "Halkidiki"]
[Date "2018.10.24"]
[Round "6"]
[White "Vrolijk, Liam"]
[Black "Semjonovs, Ilja"]
[Result "0-1"]
[WhiteElo "2437"]
[BlackElo "2245"]
[Annotator "TA"]
[PlyCount "76"]
[EventDate "2018.10.20"]
[EventType "swiss"]
[EventCountry "GRE"]
[SourceTitle "playchess.com"]
[Source "ChessBase"]
[SourceQuality "1"]

{[%evp 15,76,46,50,35,65,78,88,85,56,68,112,55,96,0,79,58,66,81,119,90,57,31,51,19,20,12,12,10,10,11,11,10,23,35,45,-2,-2,-5,-5,-9,-9,-16,0,-166,-138,-179,-193,-331,-201,-195,-170,-421,-329,-351,-350,-345,-347,-562,-564,-527,-498,-1691,-1628]} 1. d4 Nf6 2. Nf3 c5 3. d5 e6 4. c4 b5 5. dxe6 fxe6 6. cxb5 d5 7. Nc3 Nbd7 {E10: Blumenfeld-Gambit} 8. e4 (8. Bf4 d4 9. Nb1 Nd5 10. Bg3 a6 11. e4 dxe3 12. fxe3 Nxe3 13. Qb3 Nxf1 14. Rxf1 axb5 15. Nc3 c4 16. Qxb5 Qb6 17. O-O-O Bc5 18. Ne5 Qxb5 19. Nxb5 Nxe5 20. Nc7+ Ke7 21. Bh4+ {1-0 (21) Milov,V (2681)-Tregubov,P (2646) Ajaccio 2008}) 8... d4 {LiveBook: 23 Partien} 9. Na4 Nxe4 {Weiß steht etwas besser.} 10. Bd3 Qa5+ 11. Nd2 Nef6 12. O-O {Schwarz muss nun Te1 beachten.} Qc7 $146 {[#]} ({Vorgänger:} 12... Bb7 13. Re1 Bd5 14. Nc4 Qc7 15. b4 cxb4 {½-½ (31) Maduekwe,C (2429)-Boschma,B (2247) ICCF email 2007}) 13. Ne4 (13. b4 $1 $16 {[%mdl 512]}) 13... Bd6 14. Qf3 ({Besser ist} 14. Nxd6+ $16 Qxd6 15. Qf3) 14... Rb8 (14... Bxh2+ $11 15. Kh1 Bb7) 15. Nxd6+ $16 Qxd6 16. Qc6 Ke7 17. b4 cxb4 18. Bd2 a5 19. a3 {zielt auf Tfe1 ab.} Ne5 $1 {[%cal Re5c6]} 20. Qxd6+ Kxd6 21. Bf4 Nd5 22. Bg3 g5 $1 23. Rfd1 {Droht Lf1 und aus.} Nf4 24. Bf1 d3 $1 25. Bxf4 gxf4 26. Bxd3 Nxd3 27. Rxd3+ Ke7 28. b6 Ba6 29. Rd4 $2 {[#]} (29. Rh3 $11 {und Weiss ist OK.}) 29... b3 $1 $19 30. Rb1 {[#]} Rhc8 $1 31. Rxf4 (31. h3 $142) 31... Bb5 32. Nb2 Rxb6 33. h3 $2 (33. Rh4) 33... Be8 34. Rc4 Rbc6 35. Rxc6 Rxc6 ({Weniger gut wäre} 35... Bxc6 36. Rc1 $17) 36. a4 $2 (36. g4 {war einen Versuch wert.}) 36... Bg6 {Schwarz steht klar auf Gewinn.} 37. Re1 Rc2 38. Nd1 (38. Rb1 $142 Kd6 39. g4) 38... Rc1 {Precision: Weiß = 30%, Schwarz = 76%.} 0-1

[Event "WYCC 2018 O16"]
[Site "Halkidiki"]
[Date "2018.10.24"]
[Round "6"]
[White "Blohberger, Felix"]
[Black "Abdisalimov, Abdimalik"]
[Result "1/2-1/2"]
[WhiteElo "2433"]
[BlackElo "2368"]
[Annotator "TA"]
[PlyCount "35"]
[EventDate "2018.10.20"]
[EventType "swiss"]
[EventCountry "GRE"]
[SourceTitle "playchess.com"]
[Source "ChessBase"]
[SourceQuality "1"]

{[%evp 23,35,52,60,56,44,28,42,0,12,0,4,-5,8,7]} 1. Nf3 c5 2. c4 Nf6 3. Nc3 e6 4. e3 b6 5. d4 cxd4 6. exd4 Bb7 7. Bd3 Bb4 8. O-O O-O 9. Bg5 Bxc3 10. bxc3 d6 {E54: Nimzo-Indian: Rubinstein: Main Line: 7...dxc4 8 Bxc4} 11. Nd2 Nbd7 12. a4 Qc7 {LiveBook: 4 Games. White is slightly better.} 13. a5 Bc6 $146 ({Predecessor:} 13... Qc6 14. f3 b5 15. cxb5 Qxc3 16. Nc4 Bd5 17. Ne3 Rac8 {0-1 (37) Slobodjan,R (2556)-Zaragatski,I (2490) Germany 2010}) 14. axb6 axb6 15. Qb3 h6 {The position is equal.} 16. Bh4 Nh5 17. Bg3 Rxa1 18. Rxa1 1/2-1/2

[Event "WYCC 2018 O16"]
[Site "Halkidiki"]
[Date "2018.10.24"]
[Round "6"]
[White "Kosakowski, Jakub"]
[Black "Sankalp Gupta"]
[Result "1/2-1/2"]
[WhiteElo "2413"]
[BlackElo "2352"]
[Annotator "ChessBase"]
[PlyCount "71"]
[EventDate "2018.10.20"]
[EventType "swiss"]
[EventCountry "GRE"]
[SourceTitle "playchess.com"]
[Source "ChessBase"]
[SourceQuality "1"]
[TimeControl "40/5400+30:1800+30"]

1. e4 {[%emt 0:00:00]} e6 {[%emt 0:00:00]} 2. d4 {[%emt 0:00:29]} d5 {[%emt 0:00:00]} 3. Nd2 {[%emt 0:00:53]} Nf6 {[%emt 0:00:00]} 4. e5 {[%emt 0:00:17]} Nfd7 {[%emt 0:00:00]} 5. Bd3 {[%emt 0:01:00]} c5 {[%emt 0:00:00]} 6. c3 {[%emt 0:00:22]} Nc6 {[%emt 0:00:00]} 7. Ne2 {[%emt 0:00:44]} cxd4 {[%emt 0:00:00]} 8. cxd4 {[%emt 0:00:10]} f6 {[%emt 0:00:00]} 9. exf6 {[%emt 0:00:35]} Nxf6 {[%emt 0:00:00]} 10. Nf3 {[%emt 0:01:51]} Bd6 {[%emt 0:00:20]} 11. O-O {[%emt 0:00:27]} O-O {[%emt 0:00:03]} 12. Bf4 {[%emt 0:02:30]} Nh5 {[%emt 0:00:16]} 13. Bxd6 {[%emt 0:18:47]} Qxd6 {[%emt 0:00:04]} 14. Ng3 {[%emt 0:11:35]} Nf4 {[%emt 0:02:24]} 15. Re1 {[%emt 0:01:34]} Bd7 {[%emt 0:00:35]} 16. Rc1 {[%emt 0:06:53]} Rae8 {[%emt 0:01:13]} 17. Bf1 e5 {[%emt 0:02:46]} 18. dxe5 {[%emt 0:20:47]} Nxe5 {[%emt 0:00:10]} 19. Nxe5 {[%emt 0:00:12]} Rxe5 {[%emt 0:00:08]} 20. Qd4 {[%emt 0:00:13]} Rxe1 {[%emt 0:02:42]} 21. Rxe1 {[%emt 0:00:05]} a6 {[%emt 0:02:25]} 22. Re3 {[%emt 0:00:08]} Bc6 {[%emt 0:08:53]} 23. Ne4 {[%emt 0:04:10]} Qd7 {[%emt 0:13:14]} 24. Nc5 {[%emt 0:01:07]} Qg4 {[%emt 0:04:30]} 25. Nb3 {[%emt 0:02:24]} Rf7 {[%emt 0:05:05]} 26. Qe5 {[%emt 0:05:45]} Bb5 {[%emt 0:04:35]} 27. Rg3 {[%emt 0:17:03]} Qd1 {[%emt 0:07:41]} 28. Rxg7+ {[%emt 0:00:18]} Rxg7 {[%emt 0:00:03]} 29. Qb8+ {[%emt 0:00:06]} Kf7 {[%emt 0:00:06]} 30. Qxf4+ {[%emt 0:00:02]} Kg6 {[%emt 0:04:11]} 31. Qg3+ {[%emt 0:00:01]} Kf5 {[%emt 0:07:28]} 32. Qh3+ {[%emt 0:00:03]} Kf6 {[%emt 0:03:45]} 33. Qh6+ {[%emt 0:02:41]} Kf7 {[%emt 0:14:49]} 34. Qf4+ {[%emt 0:00:02]} Kg6 {[%emt 0:01:35]} 35. Qg3+ {[%emt 0:00:02]} Kh6 {[%emt 0:01:37]} 36. Qh4+ {[%emt 0:00:37]} 1/2-1/2

[Event "WYCC 2018 O16"]
[Site "Halkidiki"]
[Date "2018.10.24"]
[Round "6"]
[White "Ibrahimli, Murad"]
[Black "Matviishen, Viktor"]
[Result "0-1"]
[WhiteElo "2379"]
[BlackElo "2476"]
[Annotator "TA"]
[PlyCount "122"]
[EventDate "2018.10.20"]
[EventType "swiss"]
[EventCountry "GRE"]
[SourceTitle "playchess.com"]
[Source "ChessBase"]
[SourceQuality "1"]

{[%evp 18,122,18,16,39,35,39,16,24,18,27,25,23,17,35,27,29,14,22,20,21,9,21,7,18,0,0,-29,-27,-6,-9,-26,-28,-31,16,18,38,0,28,0,15,0,0,0,54,29,47,31,97,97,115,95,87,10,17,18,115,50,47,0,66,51,64,0,109,97,111,95,97,79,114,0,6,0,96,103,123,0,50,0,0,-68,-50,-70,-66,-227,-129,-239,-137,-287,-278,-269,-254,-773,-769,-727,-736,-741,-717,-694,-667,-763,-767,-745,-724,-1881,-1863]} 1. d4 d5 2. Nf3 Nf6 3. c4 c6 4. Nc3 a6 5. e3 Bf5 6. Be2 {D15: Damengambit (Slawische Verteidigung)} (6. Qb3 b5 7. c5 a5 8. Nh4 Bc8 9. f4 g6 10. Bd3 Nh5 11. Nf3 Bf5 12. e4 a4 13. Qc2 dxe4 14. Bxe4 Bxe4 15. Nxe4 {0-1 (53) Gelfand,B (2703)-Grandelius,N (2655) Batumi 2018}) 6... e6 7. O-O h6 8. Bd3 Bxd3 9. Qxd3 Bb4 10. Bd2 {LiveBook: 29 Partien. Droht Sxd5.} Bxc3 11. Bxc3 O-O 12. Ne5 $146 ({Vorgänger:} 12. a4 Nbd7 13. Rfd1 Re8 {1-0 (48) Brunello,S (2567)-Schou Moldt,T (2186) Reykjavik 2016}) 12... Nbd7 13. Nxd7 Qxd7 14. b3 Qc7 15. f3 Nd7 16. a4 f5 17. a5 Rae8 18. Be1 Qd8 19. Bg3 Rf7 20. Rfe1 Qf6 21. Ra2 g5 22. e4 dxe4 23. fxe4 f4 24. e5 Qg7 25. Bf2 g4 26. b4 Ref8 27. Bh4 Rf5 28. Rf1 Qf7 29. Raf2 Qh5 30. g3 f3 (30... R8f7 $11) 31. Qe4 Qg6 {[#]} 32. b5 $1 {[%mdl 512]} R5f6 (32... Rc8 $14) (32... axb5 33. cxb5) 33. Re1 $1 $16 Qxe4 34. Rxe4 Rg6 35. bxc6 (35. Be7 $1 $16 {[%cal Re7f8]} Re8 36. bxc6 Rxe7 37. cxd7 (37. cxb7 Nb8 $11) 37... Rxd7 38. Rb2) 35... bxc6 $11 36. Rb2 Rf7 (36... Rg7 $11) 37. c5 (37. Rf4 $16 c5 38. Rxf7 Kxf7 39. Rb7) 37... Kh7 $14 38. Kf2 Rg8 ({Besser ist} 38... h5 $11) 39. Rf4 $1 {[%cal Rf4f7]} Rgg7 {[#]} 40. Ke3 (40. h3 $1 $14 {[%mdl 512]}) 40... Rxf4 (40... h5 $1 $11) 41. gxf4 $11 {[%mdl 4096] Endspiel f5! ist eine echte Drohung. KTL-KTS} Kg6 42. Ke4 $1 Rf7 43. Rb1 Rf8 44. Rb7 (44. Rg1 $16) 44... Rf7 45. Rb1 (45. Rb2 $11) 45... Rf8 $1 $16 {[#]} 46. h3 $1 {[%mdl 512]} gxh3 47. Rg1+ ({Günstiger ist} 47. Rh1 $16) 47... Kf7 48. Kxf3 Rb8 49. Bf2 (49. Rh1 $11) 49... Rb3+ 50. Be3 Nf8 $1 51. Kf2 $2 {[#]} ({Lieber} 51. Rg3 $15) 51... Ng6 $1 $19 {Und weiter mit ...Sh4 wäre nett.} 52. f5 {[#]} (52. Rh1 $17) 52... exf5 (52... Nh4 $1 $19 53. fxe6+ Kxe6) 53. e6+ (53. Bxh6 $17 {war die einzige Verteidigung.} Nh4 54. Bc1) 53... Kf6 54. d5 Rb2+ 55. Kf3 $2 (55. Kg3 f4+ 56. Bxf4 Rb3+ 57. Kh2 Nxf4 58. Rf1 cxd5 59. Rxf4+ Kxe6 60. Rg4) 55... Ne5+ {Schwarz steht klar auf Gewinn.} 56. Kg3 Rb3 57. Kf4 cxd5 58. e7 Nd3+ 59. Kf3 Kxe7 60. Ke2 Ne5 61. Bd4 Nf3 {Precision: Weiß = 27%, Schwarz = 51%.} 0-1

[Event "WYCC 2018 O16"]
[Site "Halkidiki"]
[Date "2018.10.24"]
[Round "6"]
[White "Gatineau, Yovann"]
[Black "Lund, Gunnar"]
[Result "1/2-1/2"]
[WhiteElo "2376"]
[BlackElo "2227"]
[Annotator "NA"]
[PlyCount "82"]
[EventDate "2018.10.20"]
[EventType "swiss"]
[EventCountry "GRE"]
[SourceTitle "playchess.com"]
[Source "ChessBase"]
[SourceQuality "1"]
[TimeControl "40/5400+30:1800+30"]

1. d4 {[%emt 0:02:21]} d6 {[%emt 0:00:00]} 2. Nf3 {[%emt 0:00:29]} Bg4 {[%emt 0:00:00]} 3. g3 {[%emt 0:02:05]} Nd7 {[%emt 0:00:18]} 4. Bg2 {[%emt 0:00:09]} e5 {[%emt 0:00:36]} 5. O-O {[%emt 0:02:18]} Ngf6 {[%emt 0:00:34]} 6. c4 {[%emt 0:01:15]} Be7 {[%emt 0:00:26]} 7. Nc3 {[%emt 0:00:47]} c6 {[%emt 0:00:34]} 8. h3 {[%emt 0:05:11]} Bxf3 {[%emt 0:08:11]} 9. exf3 {[%emt 0:02:43] A53: Old Indian Defence without Nf3} O-O {[%emt 0:00:54] LiveBook: 5 Games} 10. f4 {[%emt 0:00:46]} exd4 {[%emt 0:02:37]} (10... Re8 11. d5 Qc7 12. dxc6 bxc6 13. Be3 a5 14. b3 exf4 15. Bxf4 Nc5 {1-0 (38) Wojtaszek,R (2746)-Bezold,M (2502) Germany 2016}) 11. Qxd4 {[%emt 0:00:06]} Re8 {[%emt 0:00:31]} 12. b3 $146 {[%emt 0:00:45]} ({Predecessor:} 12. Be3 Bf8 13. Rad1 a5 14. f5 a4 15. g4 Nc5 16. Rfe1 Nfd7 {0-1 (37) Brodowski,P (2453)-Krasenkow,M (2610) Poland 2016}) 12... Bf8 {[%emt 0:10:57]} 13. Bb2 {[%emt 0:00:17]} a5 {[%emt 0:01:07]} 14. Rae1 {[%emt 0:07:53]} Nc5 {[%emt 0:04:40]} 15. Rxe8 {[%emt 0:03:05]} Qxe8 {[%emt 0:00:19]} 16. Nd1 {[%emt 0:00:25]} d5 {[%emt 0:19:52]} 17. cxd5 {[%emt 0:09:20]} Nxd5 {[%emt 0:07:19]} 18. Bxd5 {[%emt 0:01:21]} cxd5 {[%emt 0:00:07]} 19. Ne3 $16 {[%emt 0:00:19]} Rd8 {[%emt 0:03:20]} 20. f5 {[%emt 0:09:08]} Kh8 {[%emt 0:10:49]} 21. Rd1 {[%emt 0:02:39]} Ne4 {[%emt 0:01:15]} 22. Rc1 {[%emt 0:05:20]} f6 {[%emt 0:06:20]} 23. Nxd5 {[%emt 0:05:52]} Bc5 {[%emt 0:09:50]} 24. Rxc5 {[%emt 0:01:14]} Nxc5 {[%emt 0:00:03]} 25. Qxc5 {[%emt 0:00:18]} Qe1+ {[%emt 0:00:09]} 26. Kh2 {[%emt 0:00:16]} Qd2 {[%emt 0:02:02]} 27. Bd4 {[%emt 0:01:31]} h6 {[%emt 0:00:48]} 28. a4 {[%emt 0:05:08]} b6 {[%emt 0:00:42]} 29. Qc4 {[%emt 0:01:07]} Qd1 {[%emt 0:03:26]} 30. Kg2 {[%emt 0:02:12]} Qd2 {[%emt 0:00:13]} 31. Kg1 {[%emt 0:10:11]} Qd1+ {[%emt 0:00:07]} 32. Kh2 {[%emt 0:00:11]} Qd2 {[%emt 0:00:20]} 33. g4 {[%emt 0:01:23]} Qd1 {[%emt 0:00:32]} 34. Kg3 {[%emt 0:01:49]} Qd2 {[%emt 0:03:19]} 35. f4 {[%emt 0:00:39]} Qd1 {[%emt 0:01:00]} 36. g5 {[%emt 0:00:54]} hxg5 {[%emt 0:01:04]} 37. fxg5 {[%emt 0:00:04]} Qe1+ {[%emt 0:00:28]} 38. Kh2 {[%emt 0:03:41]} Qd2+ {[%emt 0:00:24]} 39. Kh1 {[%emt 0:01:04]} Qd1+ {[%emt 0:00:18]} 40. Kh2 {[%emt 0:00:00]} Qd2+ {[%emt 0:00:00]} 41. Kh1 {[%emt 0:00:46]} Qd1+ {[%emt 0:02:48]} 1/2-1/2

[Event "WYCC 2018 O16"]
[Site "Halkidiki"]
[Date "2018.10.24"]
[Round "6"]
[White "Stoleriu, George"]
[Black "O'Donnell, Tom"]
[Result "1-0"]
[WhiteElo "2362"]
[BlackElo "2332"]
[Annotator "NA"]
[PlyCount "109"]
[EventDate "2018.10.20"]
[EventType "swiss"]
[EventCountry "GRE"]
[SourceTitle "playchess.com"]
[Source "ChessBase"]
[SourceQuality "1"]
[TimeControl "40/5400+30:1800+30"]

1. e4 {[%emt 0:00:00]} c5 {[%emt 0:00:00]} 2. Nf3 {[%emt 0:00:00]} d6 {[%emt 0:00:00]} 3. d4 {[%emt 0:00:00]} cxd4 {[%emt 0:00:00]} 4. Nxd4 {[%emt 0:00:00]} Nf6 {[%emt 0:00:00]} 5. Nc3 {[%emt 0:00:00]} a6 {[%emt 0:00:00]} 6. a4 {[%emt 0:00:00]} Nc6 {[%emt 0:06:29]} 7. Nxc6 {[%emt 0:13:08] B90: Sicilian Najdorf: Unusual White 6th moves, 6 Be3 Ng4 and 6 Be3 e5} (7. Be2 e6 8. O-O Be7 9. Be3 O-O 10. f4 Qc7 11. Kh1 Nxd4 12. Bxd4 e5 13. Be3 exf4 14. Bxf4 Be6 15. Qd3 Nd7 16. Qg3 Ne5 17. Be3 Rfe8 18. Bd4 Bf8 19. Qf2 Rac8 20. Rfd1 g6 21. h3 Bg7 22. Bb6 Qe7 23. Bd4 Rc6 24. a5 {0-1 (49) Movsesian,S (2667)-Navara,D (2732) Czech Republic 2018}) 7... bxc6 {[%emt 0:00:12]} 8. a5 {[%emt 0:00:02]} d5 {[%emt 0:08:06]} 9. Bd3 {[%emt 0:05:13]} e5 {[%emt 0:03:38] LiveBook: 3 Games} 10. O-O {[%emt 0:07:03]} Bd6 {[%emt 0:13:14]} 11. Bg5 {[%emt 0:11:09]} Bb7 {[%emt 0:03:40]} 12. Qf3 {[%emt 0:07:58]} h6 {[%emt 0:06:06]} 13. Bxf6 $146 {[%emt 0:12:09]} ({Predecessor:} 13. Bh4 g5 14. Bg3 d4 {½-½ (35) Onischuk,V (2594)-Antal,T (2357) Zalakaros 2014}) 13... Qxf6 {[%emt 0:00:16]} 14. Qxf6 {[%emt 0:00:04]} gxf6 {[%emt 0:00:08]} 15. Rfd1 {[%emt 0:01:47]} O-O-O {[%emt 0:06:44]} 16. exd5 {[%emt 0:12:30]} cxd5 {[%emt 0:01:06]} 17. Bf5+ {[%emt 0:00:05]} Kb8 {[%emt 0:02:30]} 18. Nxd5 {[%emt 0:00:21]} Bxd5 {[%emt 0:01:01]} 19. Rxd5 {[%emt 0:00:33]} Bb4 {[%emt 0:00:59]} 20. Bd7 {[%emt 0:04:41]} Rhe8 {[%emt 0:09:06]} 21. Rad1 {[%emt 0:10:22]} Re7 {[%emt 0:00:32]} 22. Bf5 {[%emt 0:00:16]} Rxd5 {[%emt 0:02:22]} 23. Rxd5 {[%emt 0:00:01]} Rb7 {[%emt 0:05:27]} 24. Kf1 {[%emt 0:06:53]} Be7 {[%emt 0:01:44]} 25. b3 $18 {[%emt 0:00:24]} Rb5 {[%emt 0:03:07]} 26. Rd7 {[%emt 0:00:32]} Rb7 {[%emt 0:00:08]} 27. Rxb7+ {[%emt 0:00:41]} Kxb7 {[%emt 0:00:02]} 28. Be4+ {[%emt 0:00:50]} Kc7 {[%emt 0:00:25]} 29. c3 {[%emt 0:00:04]} Ba3 {[%emt 0:09:04]} 30. Ke2 {[%emt 0:00:06]} Bc1 {[%emt 0:01:31]} 31. Kd1 {[%emt 0:00:52]} Ba3 {[%emt 0:01:47]} 32. b4 {[%emt 0:00:23]} Bb2 {[%emt 0:00:06]} 33. Kc2 {[%emt 0:00:04]} Ba1 {[%emt 0:00:05]} 34. Bd5 {[%emt 0:02:00]} Kb8 {[%emt 0:00:13]} 35. Bxf7 {[%emt 0:00:08]} Kc7 {[%emt 0:00:06]} 36. Bc4 {[%emt 0:00:05]} Kb7 {[%emt 0:00:05]} 37. Bd3 {[%emt 0:00:04]} Ka7 {[%emt 0:00:15]} 38. f3 {[%emt 0:00:30]} Kb7 {[%emt 0:00:06]} 39. Kb3 {[%emt 0:00:59]} Ka7 {[%emt 0:00:08]} 40. c4 {[%emt 0:00:00]} Bd4 {[%emt 0:00:00]} 41. c5 {[%emt 0:04:52]} Kb7 {[%emt 0:02:49]} 42. Kc4 {[%emt 0:00:39]} Bf2 {[%emt 0:00:14]} 43. b5 {[%emt 0:00:46]} axb5+ {[%emt 0:02:45]} 44. Kxb5 {[%emt 0:00:06]} h5 {[%emt 0:00:18]} 45. a6+ {[%emt 0:00:40]} Ka7 {[%emt 0:00:31]} 46. Kc6 {[%emt 0:00:05]} h4 {[%emt 0:00:05]} 47. Kd6 {[%emt 0:00:11]} h3 {[%emt 0:00:33]} 48. gxh3 {[%emt 0:00:04]} Kb8 {[%emt 0:00:54]} 49. c6 {[%emt 0:00:22]} Bb6 {[%emt 0:00:06]} 50. Kd7 {[%emt 0:00:31]} f5 {[%emt 0:00:57]} 51. a7+ {[%emt 0:00:09]} Kxa7 {[%emt 0:00:07]} 52. c7 {[%emt 0:00:04]} Bxc7 {[%emt 0:00:08]} 53. Kxc7 {[%emt 0:00:03]} e4 {[%emt 0:00:05]} 54. fxe4 {[%emt 0:00:07]} fxe4 {[%emt 0:00:04]} 55. Bxe4 {[%emt 0:00:04]} 1-0